| 000 | 00364cam a2200145ua 4500 | ||
|---|---|---|---|
| 041 |
_amal _h |
||
| 082 |
_a370 _bSWA/VI |
||
| 100 | _aSwami Vivekanandan, . | ||
| 245 |
_aVidyabhyasam / _cSwami Vivekanandan. _hTextual Documents |
||
| 260 |
_aThrissur : _bSree Ramakrishnasramam , _c1960. |
||
| 300 | _a104 ; . | ||
| 504 | _a | ||
| 942 | _cBK | ||
| 999 |
_c5041 _d5041 |
||